000 004250000a22001690004500
003 MACL
005 20160102162329.0
008 160102b xxu||||| |||| 00| 0 eng d
040 _aMACL
_cMACL
041 _aEnglish
082 _a820/KER
100 _aKer, W P
_927341
245 _aEnglish Literature medieval
260 _bWilliams and Norgate
_aLondon
650 _aEnglish Literature
_927342
942 _cBK
_k820/KER
_2ddc
999 _c36468
_d36468